00895nmc a2200277 a 4500003000900000005001700009008004100026020001800067040001300085245005800098260005800156300001000214490007700224600003700301600003700338650002300375650002900398650001500427650001300442650002200455650001500477650002000492700003700512800003300549800003500582AR-BaBNM20251128204128.0285019s1983 ||||||||||||||000 | spa|| a950-25-0127-6 cAR-BaBNM10aHistoria de ciudadesbBuenos Aires criolla, 1820-1850 aBuenos AiresbCentro Editor de América Latinac19830 a94 p. 0aHistoria testimonial Argentina: Documentos vivos de nuestro pasadovv. 714aRivadavia, Bernardinod1780-184514aRosas, Juan Manuel ded1793-1877 4aHISTORIA ARGENTINA 4aHISTORIA DE BUENOS AIRES 4aCOSTUMBRES 4aCIUDADES 4aDESARROLLO URBANO 4aDOCUMENTOS 4aMATERIAL FUENTE1 aRomero, Luis Albertoecompilador1 aBertoni, Lilia Anaedirector1 aRomero, Luis Albertoedirector